000 00321nam a2200133 i 4500
001 bg
100 1 _aKALACEV, Kamen
245 0 _aGeorgi Dymitrow :
_bszkic bibliograficzny /
_cKamen Kalacev.
260 _aWarszawa,
_c1973.
040 _cBPK
041 _apol
942 _cKS
008 s pl f |000 0 pol
999 _c26952
_d26952
856 _uhttp://koha.tu.koszalin.pl/cgi-bin/koha/opac-detail.pl?biblionumber=26952
_yKatalog online BPK